000 00986nam a2200265 a 4500
001 000024039
005 20251120105504.0
008 110118s2010 dr 001 0 spa d
020 _a9789945163735
040 _aDO-SdBNP
_bspa
_cBNPHU
082 _a345.052
_bM433i
100 1 _aMatos Medina, Luis Patricio
_949391
245 1 0 _aIntervenciones telefónicas en el proceso penal /
_cLuis Patricio Matos Medina ; prólogo Pedro J. Duarte Canáan.
260 _aSanto Domingo :
_bPeniel Ramírez,
_c2010.
300 _a449 p. ;
_c22 cm.
500 _aBibliografía y notas al pie de páginas.
504 _aBibliografía: p.447-449.
590 _aInventariado,2018/DG
650 4 _aInterceptación de líneas telefónicas
_949392
650 4 _aProcedimiento penal
_zRepública Dominicana
_914474
650 0 _aEvidencia (Derecho)
_919635
650 0 _aPrueba penal
_927178
700 1 _aDuarte Canaán, Pedro J.,
_d1963-
_epról.
_96300
910 _aValidado. Control de calidad EMS
999 _c23534
_d23534